00803 a2200217 4500010001400000020002600014035001300040037001600053082001100069090001500080100002400095245013100119260004800250270004000298300003000338490002000368500002100388942002500409999001500434952013600449 aENG-88884 c225.00a9788123751849 aEN-72417 bDBAD / PUB14a509.54 c9606d96061 aBhargava, Pushpa M.1 aAngels, devil and science :cby Pushpa M. Bhargava [and] Chandana Chakrabartiba collection of articles on scientific temper / aNew DelhibNational Book Trust, Indiac2007 aA-5, Green ParkbNew Delhie110 016 axiii, 283p. :c22cm (Hb) aPopular science aIncludes index adplcENk509.54/ BHA c9432d9432 00102ddc40718NFICaDBADbDBADeDBAD/PUBg225.00l0o509.54 BHApEN-72417r2008-09-15 00:00:00t1u10415v225.00w2008-09-15yEN